History Quiz

Random History Quiz

Monarchs of Norway Quiz Stats

 Plays Quiz not verified by Sporcle

Score 0/66 Timer 10:00
0 Plays Today
Reigned Monarch % Correct
c. 872-932 ADHarald I
92.3%
c. 961-970 ADHarald II
91.7%
995-1000 ADOlaf I
91.7%
1015-1028 ADOlaf II
90.5%
1046-1066 ADHarald III
86.9%
1067-1093 ADOlaf III
86.9%
c. 929-934 ADEric I
85.7%
1380-1387 ADOlaf IV
85.7%
c. 934-960 ADHaakon I
85.1%
1130-1136 ADHarald IV
83.9%
1991- ADHarald V
82.7%
1280-1299 ADEric II
82.1%
1157-1162 ADHaakon II
81.5%
1299-1319 ADHaakon V
81.5%
1343-1380 ADHaakon VI
81.5%
1957-1991 ADOlaf V
81.5%
1202-1204 ADHaakon III
81%
1217-1263 ADHaakon IV
81%
1450-1481 ADChristian I
79.8%
1513-1523 ADChristian II
79.2%
1537-1559 ADChristian III
79.2%
1588-1648 ADChristian IV
79.2%
1670-1699 ADChristian V
78.6%
1730-1746 ADChristian VI
78.6%
1389-1442 ADEric III
78%
1766-1808 ADChristian VII
78%
1905-1957 ADHaakon VII
77.4%
1523-1533 ADFrederick I
76.2%
1559-1588 ADFrederick II
76.2%
1648-1670 ADFrederick III
76.2%
1699-1730 ADFrederick IV
75.6%
1746-1766 ADFrederick V
75.6%
1808-1814 ADFrederick VI
75%
Reigned Monarch % Correct
1035-1047 ADMagnus I
74.4%
1449-1450 ADCharles I
72%
1066-1069 ADMagnus II
71.4%
1093-1103 ADMagnus III
71.4%
1130-1135 ADMagnus IV
70.2%
1162-1184 ADMagnus V
70.2%
1263-1280 ADMagnus VI
69.6%
1814-1818 ADCharles II
69.6%
1319-1343 ADMagnus VII
69%
1818-1844 ADCharles III
69%
1859-1872 ADCharles IV
69%
1844-1859 ADOscar I
67.3%
1028-1035 ADCnut
66.7%
1872-1905 ADOscar II
66.7%
1184-1202 ADSverre
62.5%
1380-1412 AD (de facto)Margaret
61.9%
1483-1513 ADJohn
58.9%
1103-1130 ADSigurd I
56.5%
1136-1155 ADSigurd II
56.5%
1136-1161 ADInge I
55.4%
1814 ADChristian-Frederick
55.4%
1204-1217 ADInge II
54.8%
1442-1448 ADChristopher
54.8%
1103-1123 AD Eystein I
47.6%
1142-1157 ADEystein II
47.6%
C. 961-980 ADHarald Bluetooth
45.8%
1000-1013 AD (de jure)Sweyn Forkbeard
45.8%
970-995 ADHaakon Sigurdsson
44%
1000-1015 AD (de facto)Eric Haakonsson
44%
1000-1015 AD (de facto)Sweyn Haakonsson
44%
1204 ADGuttorm
43.5%
1028-1029 AD (de facto)Haakon Ericsson
41.7%
1030-1035 AD (regent)Sweyn Knutsson
40.5%

You're not logged in!

Compare scores with friends on all Sporcle quizzes.
OR
Log In

Show Comments

Extras

Created Mar 15, 2014ReportNominate
Tags:dynasty, monarch, norway, reigned

Top Quizzes Today


Score Distribution

Your Account Isn't Verified!

In order to create a playlist on Sporcle, you need to verify the email address you used during registration. Go to your Sporcle Settings to finish the process.

Report this User

Report this user for behavior that violates our Community Guidelines.

Details: